书目信息 |
| 题名: |
上海可控硅应用资料汇编
|
|
| 作者: | ;上海科学技术情报研究所 编 | |
| 分册: | 第二辑 | |
| 出版信息: | 上海 上海科学技术情报研究所 1971 |
|
| 页数: | 170页 | |
| 开本: | 26cm | |
| 丛书名: | ||
| 单 册: | ||
| 中图分类: | TN34 | |
| 科图分类: | ||
| 主题词: | 晶闸管 , 可控硅 | |
| 电子资源: | ||
| ISBN: | ||
| 000 | 00680nam0 2200205 450 | |
| 001 | 0655669405 | |
| 005 | 20060518153023.25 | |
| 010 | @dCNY0.65 | |
| 100 | @a20060518d1971 km y0chiy0120 ea | |
| 101 | 0 | @achi |
| 102 | @aCN@b310000 | |
| 200 | 1 | @a上海可控硅应用资料汇编@Ashang hai ke kong gui ying yong zi liao hui bian@h第二辑@f上海科学技术情报研究所编@Fshang hai ke xue ji shu qing bao yan jiu suo bian |
| 210 | @a上海@c上海科学技术情报研究所@d1971 | |
| 215 | @a170页@d26cm | |
| 606 | 0 | @a晶闸管 |
| 606 | 0 | @a可控硅 |
| 690 | @aTN34@v3 | |
| 711 | 0 | @a上海科学技术情报研究所@Ashang hai ke xue ji shu qing bao yan jiu suo@4编 |
| 801 | 0 | @aCN@bPFT@c20060518 |
| 905 | @a10447@dTN34@e9 | |
| 上海可控硅应用资料汇编.第二辑/上海科学技术情报研究所编.-上海:上海科学技术情报研究所,1971 |
| 170页;26cm |
| ISBN :CNY0.65 |
| ● |
| 相关链接 |
|
|
|
|
正题名:上海可控硅应用资料汇编
索取号:TN34/9
 
预约/预借
| 序号 | 登录号 | 条形码 | 馆藏地/架位号 | 状态 | 备注 |
| 1 | 0009298 | 202359036 | 密集书库/ [索取号:TN34/9] | 在馆 | |
| 2 | 0009299 | 202358983 | 密集书库/ [索取号:TN34/9] | 在馆 | |
| 3 | 0009300 | 202358992 | 密集书库/ [索取号:TN34/9] | 在馆 |